000 01333cam a2200277 a 4500
999 _c7692
_d7692
003 OSt
005 20200317155126.0
008 080804s2009 dcua b f101 0 eng
020 _a9780300121599 (alk. paper)
040 _aDLC
_cDLC
_dBTCTA
_dYDXCP
_dUKM
_dC#P
_dBWX
_dCDX
_dDLC
082 0 0 _a727.709
_222
_bALO
245 0 2 _aA modernist museum in perspective :
_bthe East Building, National Gallery of Art /
_cedited by Anthony Alofsin.
260 _aWashington [D.C.] :
_bNational Gallery of Art ;
_aNew Haven :
_bDistributed by Yale University Press,
_cc2009.
300 _a248 p. :
_bill. (some col.) ;
_c29 cm.
490 1 _aStudies in the history of art,
_x0091-7338 ;
_v73.
_aSymposium papers ;
_v50
504 _aIncludes bibliographical references and index.
610 2 0 _aEast Building of the National Gallery of Art (Washington, D.C.)
_vCongresses.
650 0 _aInternational style (Architecture)
_zWashington (D.C.)
_vCongresses.
650 0 _aArt museum architecture
_zWashington (D.C.)
_vCongresses.
651 0 _aWashington (D.C.)
_xBuildings, structures, etc.
_vCongresses.
700 1 _aAlofsin, Anthony.
710 2 _aNational Gallery of Art (U.S.)
830 0 _aStudies in the history of art (Washington, D.C.) ;
_v73.
830 0 _aStudies in the history of art (Washington, D.C.).
_pSymposium papers ;
_v50.
942 _2ddc